01375nab a2200337 a 4500001000700000003000800007005001700015006001900032007001500051008004100066022001400107035002100121040002600142050001900168080000700187082001200194245023500206260005700441300001000498310001400508362001100522440003300533533016400566650006800730650007400798655003200872700003300904710001900937856006200956999001901018149674FlNmELB20241217182428.0m o d | cr cn|||||||||201201r2010 ck |||||s|||||||||||spa d a2145-549X a(OCoLC)955458715 aFlNmELBbspacFlNmELB 4aK1bP7164 2010 a3404a34022200aPlataforma robótica de exploración y verificación como apoyo a unidades operativas de la policía nacional en su lucha contra bandas criminales y el terrorismoh[recurso electronico]cJaime Hernán Rojas Parra . [et al.]. aBogotá :bDirección Nacional de Escuelas,c2010. a12 p. aSemestral0 aNo. 2. 0aLogos Ciencia y Tecnología aRecurso electrónico. Santa Fe, Arg.: e-libro, 2015. Disponible vía World Wide Web. El acceso puede estar limitado para las bibliotecas afiliadas a e-libro. 4aPolitical Science.xPolitical freedom and security.xTerrorism. 4aCiencias políticas.xLibertad y seguridad políticas.xTerrorismo. 4aArtículos electrónicos.1 aRojas Parra, Jaime Hernán.2 ae-libro, Corp.40uhttps://elibro.net/ereader/politecnicointernacional/33305 c149674d149674